| 000 | 00387 a2200169 4500 | ||
|---|---|---|---|
| 001 | 44269 | ||
| 020 | _a8574090751 | ||
| 040 | _cAnchieta - Aquarius | ||
| 100 | _aVasconcelos, Myriam Brindeiro de Moraes | ||
| 240 | 1 | 0 |
_aCapelinha de melão _lpor |
| 245 | 1 | 0 | _aCapelinha de melão |
| 300 | _a16 | ||
| 362 | 0 | _a2008 | |
| 440 | 1 | _aBagaço | |
| 650 | 4 | _aLiteratura juvenil | |
| 942 | _cBK | ||
| 999 |
_c44269 _d44269 |
||